skbl

Dr Suryya Kumar Bhuyan Library Web-OPAC
ডঃ সূৰ্য্য
কুমাৰ ভূঞা পুথিভঁৰাল ৱেব-অ'পেক

All Research Scholars are advised to clear the annual library fees to continue using Library Resources, Remote Access, Plagiarism Test and Library Clearance.

Cotton University Book Fair 2026

The Cambridge Companion to Socrates (Record no. 56459)

MARC details
000 -LEADER
fixed length control field 00541nam a2200193Ia 4500
001 - CONTROL NUMBER
control field 56537
008 - FIXED-LENGTH DATA ELEMENTS--GENERAL INFORMATION
fixed length control field 130521n ii |||gr||||Z||||||465
020 ## - INTERNATIONAL STANDARD BOOK NUMBER
International Standard Book Number 9780521541039
082 ## - DEWEY DECIMAL CLASSIFICATION NUMBER
Classification number 183.2
245 #0 - TITLE STATEMENT
Title The Cambridge Companion to Socrates
Statement of responsibility, etc. Donald R Morrison (Edited)
Medium Textual Documents
250 ## - EDITION STATEMENT
Edition statement Ist--2011.
260 ## - PUBLICATION, DISTRIBUTION, ETC.
Place of publication, distribution, etc. London
Name of publisher, distributor, etc. Cambridge University Press
300 ## - PHYSICAL DESCRIPTION
Extent 240pg:
Other physical details index;
Dimensions 25cm.
653 ## - INDEX TERM--UNCONTROLLED
Uncontrolled term Philosophy
653 ## - INDEX TERM--UNCONTROLLED
Uncontrolled term G-Philosophy
653 ## - INDEX TERM--UNCONTROLLED
Uncontrolled term Socrates
700 ## - ADDED ENTRY--PERSONAL NAME
Personal name Morrison ,Donald R (Edited).
942 ## - ADDED ENTRY ELEMENTS (KOHA)
Source of classification or shelving scheme Dewey Decimal Classification
Koha item type Books
Holdings
Withdrawn status Lost status Damaged status Not for loan Collection Home library Current library Shelving location Date acquired Coded location qualifier Cost, normal purchase price Total checkouts Full call number Barcode Date last seen Copy number Price effective from Koha item type
          Dr. Suryya Kumar Bhuyan Library Dr. Suryya Kumar Bhuyan Library   21/05/2013 00000 20.00   183.2 Mo 834 Ca 410/Phil 14/01/2024 1 21/05/2013 Books

Designed and Maintained by Team SKBL
©1901-2026

Powered by Koha